[Event "HCL-C146"]
[Site "www.playchess.de"]
[Date "2001.03.24"]
[Round "11"]
[White "dg"]
[Black "pajala"]
[WhiteElo "1223"]
[BlackElo "1174"]
[PlyCount "134"]
[Result "0-1"]

1.e4 e5 2.Nf3 Nc6 3.Bb5 Nf6 4.d3 d6 5.Bxc6+ bxc6 
6.O-O Be7 7.Nc3 O-O 8.d4 exd4 9.Nxd4 Bd7 10.Re1 c5 
11.Nf3 a6 12.b3 Bg4 13.Bb2 c6 14.h3 Bxf3 15.Qxf3 
Qc7 16.Na4 d5 17.e5 Ne4 18.Qg4 g6 19.Nc3 h5 20.Qf3 
Qxe5 21.Nxe4 Qxb2 22.Ng3 Bd6 23.c3 Qd2 24.Qe3 Qb2 
25.Qd3 a5 26.c4 Be5 27.Qf1 Bd4 28.Ne2 a4 29.Reb1 
Qc2 30.Rbc1 Qe4 31.Nxd4 Qxd4 32.Rcd1 Qe5 33.Rde1 
Qc3 34.Rec1 Qd2 35.Rcd1 Qb4 36.bxa4 dxc4 37.a3 Qb3 
38.Rdb1 Qd3 39.Rb6 Rfc8 40.Qc1 Rxa4 41.Rb2 Rca8 
42.Rb6 R4xa3 43.Rxa3 Qxa3 44.Qxc4 Qa1+ 45.Kh2 Qe5+ 
46.g3 Qd5 47.Qxd5 cxd5 48.Kg2 Rd8 49.Kf3 c4 50.Ke2 
Kf8 51.Kd2 Ke7 52.Kc3 Rd6 53.Rb1 Kd7 54.Rb7+ Ke6 
55.Rb1 Rc6 56.Re1+ Kd6 57.Rd1 Kc5 58.f3 Re6 59.Rf1 
Re3+ 60.Kd2 d4 61.g4 c3+ 62.Kc2 Kc4 63.gxh5 gxh5 
64.h4 d3+ 65.Kc1 Re2 66.f4 d2+ 67.Kc2 
Re1 0-1

[Event "ACL-A067"]
[Site "www.playchess.de"]
[Date "2001.03.24"]
[Round "8"]
[White "hun"]
[Black "SpiderP"]
[WhiteElo "1790"]
[BlackElo "1500"]
[PlyCount "51"]
[Result "1/2-1/2"]

1.Nf3 d5 2.d4 c6 3.Nc3 Nf6 4.e3 Bg4 5.Be2 Nbd7 
6.O-O e6 7.h3 Bh5 8.Bd2 Bd6 9.g4 Bg6 10.Nh4 Ne4 
11.Nxg6 hxg6 12.Nxe4 dxe4 13.Kg2 Qf6 14.Rh1 c5 
15.Bc3 cxd4 16.Qxd4 Be5 17.Qxe4 Bxc3 18.bxc3 Nc5 
19.Bb5+ Ke7 20.Qd4 b6 21.Qxf6+ Kxf6 22.f4 g5 
23.Raf1 Raf8 24.c4 Rfc8 25.Rf3 {OK?}  a6 {Ok, Hun. 
Thanks for this good game.}  26.Rb1 1/2-1/2

[Event "ACL-A070"]
[Site "www.playchess.de"]
[Date "2001.03.24"]
[Round "7"]
[White "Habi"]
[Black "aldi"]
[WhiteElo "1500"]
[BlackElo "1500"]
[PlyCount "69"]
[Result "1-0"]

1.e4 e5 2.d4 d6 3.dxe5 Nc6 4.Nf3 dxe5 5.Qxd8+ Kxd8 
6.Bb5 Nd4 7.Nxe5 Be6 8.Ba4 f6 9.Nd3 Bd7 10.Bb3 Be6 
11.Kd1 Nxb3 12.axb3 Ne7 13.Nc3 Nc6 14.Bf4 Kd7 
15.f3 a6 16.Ra4 Rd8 17.Nd5 Bd6 18.Bxd6 Kxd6 
19.N5f4 a5 20.Nxe6 Kxe6 21.Kc1 b5 22.Ra1 f5 
23.Nc5+ Kf6 24.c4 b4 25.Rd1 Rxd1+ 26.Kxd1 Rd8+ 
27.Ke2 h5 28.Ke3 g5 29.g3 h4 30.Rf1 f4+ 31.gxf4 
gxf4+ 32.Kxf4 Rd2 33.e5+ Kf7 34.e6+ Ke8 
35.Rg1 1-0

[Event "HCL-A066"]
[Site "www.playchess.de"]
[Date "2001.03.24"]
[Round "18"]
[White "ABBOTS"]
[Black "sazex"]
[WhiteElo "1811"]
[BlackElo "1830"]
[PlyCount "57"]
[Result "1-0"]

1.e4 e5 2.Bc4 Nf6 3.d3 c6 4.Nf3 d5 5.Bb3 Bg4 6.h3 
Bxf3 7.Qxf3 Nbd7 8.exd5 cxd5 9.Bxd5 Qa5+ 10.Nc3 
Bb4 11.Bxb7 Bxc3+ 12.Ke2 Rb8 13.bxc3 Qxc3 14.Bd2 
Qxc2 15.Rhc1 Qa4 16.Bc6 Qd4 17.Bc3 Qc5 18.a3 Rg8 
19.Bb4 Qd4 20.Rab1 h6 21.Rc4 Qb6 22.Rbc1 Rc8 
23.Bxd7+ Kxd7 24.Qf5+ Qe6 25.Qxe6+ fxe6 26.R4xc8 
Rxc8 27.Rxc8 Kxc8 28.Bf8 Ne8 29.Ke3 1-0

[Event "HCL-B157"]
[Site "www.playchess.de"]
[Date "2001.03.24"]
[Round "5"]
[White "PieceSeeker"]
[Black "iq160"]
[WhiteElo "1337"]
[BlackElo "998"]
[PlyCount "74"]
[Result "0-1"]

1.e4 {good luck!}  c5 2.Nf3 d6 3.Bc4 e6 {is bc4 
modern??}  4.Nc3 Nf6 5.d3 {Don't know, but I play 
it a lot.}  d5 {I always use the same effective 
defence for it}  6.exd5 exd5 7.Bb5+ Bd7 8.O-O Bxb5 
9.Nxb5 a6 10.Re1+ Be7 11.Nc3 d4 12.Ne4 O-O 
13.Nxf6+ Bxf6 14.Bf4 Nc6 15.Qd2 Qb6 16.c3 Rad8 
17.Re4 c4 18.cxd4 Nxd4 19.Nxd4 Bxd4 20.Be3 Qxb2 
21.Qxb2 Bxb2 22.Rb1 c3 23.Re1 b5 24.Bc5 c2 25.Bxf8 
Kxf8 26.Kf1 Rc8 27.Rh4 c1Q {%}  28.Rxh7 Kg8 29.Rh3 
Qc2 30.Rhe3 Bd4 31.Rf3 Bc3 32.Rfe3 Bxe1 33.Rxe1 
Qxd3+ 34.Kg1 Qd2 35.Rf1 Rc1 36.g3 Rxf1+ 37.Kxf1 
Qxa2 {I will have 5 queens:-))} 
 0-1

[Event "HCL-C161"]
[Site "www.playchess.de"]
[Date "2001.03.24"]
[Round "11"]
[White "Buziness"]
[Black "man"]
[WhiteElo "1000"]
[BlackElo "1000"]
[PlyCount "43"]
[Result "1-0"]

1.e4 e5 2.Qf3 Qf6 3.Nh3 Bc5 4.Nc3 Nc6 5.Nd5 Qxf3 
6.gxf3 Bb6 7.d3 d6 8.Be3 Kd7 9.Ng5 Nh6 10.Bh3+ Kd8 
11.Rg1 Bxe3 12.fxe3 Ne7 13.f4 Nxd5 14.exd5 exf4 
15.exf4 Kf8+ 16.Kd2 Bxh3 17.Nxh3 Re7 18.Ng5 Kg8 
19.Raf1 Rae8 20.f5 R7e2+ 21.Kc3 Rxh2 
22.f6 1-0

[Event "ACL-A084"]
[Site "www.playchess.de"]
[Date "2001.03.24"]
[Round "19"]
[White "Brent"]
[Black "Edik"]
[WhiteElo "1500"]
[BlackElo "1501"]
[PlyCount "44"]
[Result "0-1"]

1.e4 c6 2.d4 d5 3.exd5 cxd5 4.Nf3 Nf6 5.Bf4 e6 
6.c3 Be7 7.Nbd2 O-O 8.Bd3 Nc6 9.Qc2 h6 10.g4 Bd6 
11.Bxd6 Qxd6 12.g5 hxg5 13.Nxg5 e5 14.f3 exd4 
15.O-O-O dxc3 16.Qxc3 d4 17.Qc2 Nb4 18.Qb3 Nxd3+ 
19.Qxd3 Qd5 20.Nde4 Nxe4 21.Nxe4 Bf5 22.Rhg1 
Bxe4 0-1

[Event "HCL-E021"]
[Site "www.playchess.de"]
[Date "2001.03.24"]
[Round "8"]
[White "smart"]
[Black "N_K"]
[WhiteElo "2000"]
[BlackElo "2000"]
[PlyCount "26"]
[Result "1-0"]

1.d4 {good luck}  Nf6 {good luck to u}  2.c4 e5 
3.dxe5 Ng4 4.Bf4 Nc6 5.Nf3 Bb4+ 6.Nc3 Bxc3+ 7.bxc3 
Qe7 8.bxc3 f6 9.Qd5 Nxf6 10.exf6 d6 11.Qd3 O-O 
12.g3 Rd8 13.Bg2 O-O 1-0

[Event "HCL-C173"]
[Site "www.playchess.de"]
[Date "2001.03.24"]
[Round "10"]
[White "tomthebomb"]
[Black "tiberiuskirk"]
[WhiteElo "1000"]
[BlackElo "1102"]
[PlyCount "20"]
[Result "0-1"]

1.d4 {lets play}  e6 2.Nf3 Nf6 3.e3 c5 4.Nc3 Nc6 
5.Bd3 b6 6.O-O Bb7 7.Ne5 Bd6 8.Nxc6 Bxc6 9.Bb5 Qc7 
10.h3 {do you live in Manilla}  Qb7 {i do} 
 0-1

[Event "HCL-B171"]
[Site "www.playchess.de"]
[Date "2001.03.24"]
[Round "18"]
[White "Franky"]
[Black "Blitzmich"]
[WhiteElo "1901"]
[BlackElo "1902"]
[PlyCount "96"]
[Result "0-1"]

1.e4 {Hello, nice to meet you}  e5 {hallo, I hope 
you have fun.}  2.Nf3 Nf6 3.Nxe5 {Thanks!}  Qe7 
4.d4 d6 5.Nf3 Qxe4+ 6.Be2 Qg4 7.O-O Be7 8.h3 Qd7 
9.c4 O-O 10.Nc3 Re8 11.Re1 b6 12.Qc2 c6 13.Bg5 h6 
14.Bxf6 Bxf6 15.Bd3 a6 16.Rxe8+ Qxe8 17.Re1 Qf8 
18.Qe2 g6 19.Qe8 Nd7 20.b4 b5 21.cxb5 axb5 22.Bxg6 
fxg6 23.Qxg6+ Qg7 24.Re8+ Nf8 25.Qxg7+ Bxg7 26.Ne4 
Bf5 27.Rxa8 Bxe4 28.Nd2 Bd5 29.a4 bxa4 30.Rxa4 
Bxd4 31.b5 Bc5 32.bxc6 Bxc6 33.Ra1 Ne6 34.Nb3 Bb4 
35.Ra6 Bd5 36.Rb6 Ba3 37.Ra6 Bb2 38.Nd2 Be5 39.Nf1 
Kf7 40.Ne3 Nc5 41.Ra3 Be4 42.Ra7+ Ke6 43.Ng4 Bf4 
44.g3 Bd2 45.Ra2 Bc1 46.f4 h5 47.Nf2 Bf3 48.Ra4 
Nxa4 0-1

[Event "HCL-B174"]
[Site "www.playchess.de"]
[Date "2001.03.24"]
[Round "2"]
[White "Jozef_De_Meye"]
[Black "mladsir"]
[WhiteElo "1552"]
[BlackElo "821"]
[PlyCount "50"]
[Result "1/2-1/2"]

1.Nf3 c5 2.c4 Nf6 3.Nc3 Nc6 4.e3 d5 5.d4 e6 6.cxd5 
Nxd5 7.Nxd5 Qxd5 8.Bb5 a6 9.Bxc6+ Qxc6 10.dxc5 
Bxc5 11.O-O O-O 12.b3 b5 13.Bb2 Bb7 14.Rc1 Qb6 
15.Bd4 Bxd4 16.Qxd4 Qxd4 17.Nxd4 Rac8 18.Rxc8 Rxc8 
19.h4 e5 20.Nf5 Rc2 21.Rd1 h6 22.Rd7 Bc8 23.Ne7+ 
Kf8 24.Nxc8 Rxc8 25.Ra7 Rc6 1/2-1/2

[Event "HCL-E022"]
[Site "www.playchess.de"]
[Date "2001.03.24"]
[Round "12"]
[White "lubos"]
[Black "Anicca"]
[WhiteElo "1967"]
[BlackElo "1933"]
[PlyCount "35"]
[Result "1-0"]

1.b3 c5 {z Bratislavy?}  2.g3 d5 {jak se mate?}  
3.Bg2 {:-) ujde to}  Nf6 {narozen v Praze, uz 
dlouho Kanadan}  4.Bb2 {Zelam vela uspechov !}  
Nc6 5.d3 e5 6.Nd2 Be6 7.Ngf3 Bd6 8.O-O O-O 9.e3 h6 
10.Nh4 d4 11.exd4 exd4 12.Ne4 Be7 13.Nxf6+ Bxf6 
14.Nf3 Qd7 15.Nd2 Bd5 16.Ne4 Be7 17.Re1 f5 
18.Nd2 1-0

[Event "ACL-A101"]
[Site "www.playchess.de"]
[Date "2001.03.24"]
[Round "5"]
[White "Gandalf_9417"]
[Black "Doris"]
[WhiteElo "1901"]
[BlackElo "1102"]
[PlyCount "33"]
[Result "1-0"]

1.d4 d5 2.Nf3 f6 3.e3 e6 4.Nbd2 Nh6 5.e4 Nc6 6.Bb5 
Bd7 7.c3 Be7 8.O-O O-O 9.Bd3 Nf7 10.exd5 exd5 
11.Qc2 Qc8 12.Bxh7+ Kh8 13.Nh4 g5 14.Ng6+ Kg7 
15.Nxf8 Kxf8 16.Qg6 Qe8 17.Qg8+ 1-0

[Event "HCL-E029"]
[Site "www.playchess.de"]
[Date "2001.03.24"]
[Round "18"]
[White "mariuszk"]
[Black "Qaurial"]
[WhiteElo "2012"]
[BlackElo "2000"]
[PlyCount "43"]
[Result "1-0"]

1.e4 c5 2.Nc3 Nc6 3.g3 g6 4.Bg2 d6 5.d3 Nf6 6.f4 
Bg7 7.Nf3 O-O 8.O-O e5 9.f5 gxf5 10.exf5 Bxf5 
11.Nxe5 Nxe5 12.Rxf5 Qd7 13.Qf1 Rae8 14.Bh3 Nfg4 
15.Qf4 Nh6 16.Rh5 f5 17.Rxh6 Bxh6 18.Qxh6 Qc6 
19.Bg2 Qb6 20.Bd5+ Kh8 21.Bg5 Nf3+ 
22.Bxf3 1-0

[Event "HCL-C197"]
[Site "www.playchess.de"]
[Date "2001.03.24"]
[Round "8"]
[White "burtle"]
[Black "Nikolic"]
[WhiteElo "1000"]
[BlackElo "1000"]
[PlyCount "64"]
[Result "0-1"]

1.a4 c5 2.Nc3 d5 3.b3 Nf6 4.Nf3 e6 5.e3 Bd6 6.a5 
a6 7.Ba3 Qxa5 8.Qb1 Qc7 9.Ng5 O-O 10.Bd3 b5 
11.Bxh7+ Nxh7 12.Nf3 b4 13.Bxb4 cxb4 14.Na2 Bb7 
15.Nd4 Nc6 16.c3 bxc3 17.dxc3 Nxd4 18.exd4 e5 
19.dxe5 Bxe5 20.f3 Bxc3+ 21.Nxc3 Qxc3+ 22.Kf2 Qc5+ 
23.Kg3 Rfe8 24.Ra4 Re6 25.Rg4 Rc8 26.Rc4 Rg6+ 
27.Rg4 Rxg4+ 28.fxg4 Qc3+ 29.Kh4 Nf6 30.Re1 Qc2 
31.g5 Qf2+ 32.g3 Qxh2+ 0-1

[Event "HCL-B203"]
[Site "www.playchess.de"]
[Date "2001.03.24"]
[Round "8"]
[White "BELAJ_BOY"]
[Black "chucaniam"]
[WhiteElo "1200"]
[BlackElo "1500"]
[PlyCount "38"]
[Result "0-1"]

1.e4 {hi...good luck}  e5 2.Nf3 Nc6 3.Bb5 a6 4.Ba4 
Nf6 5.d3 Be7 6.Nc3 b5 7.Bb3 d6 8.O-O Bg4 9.h3 Bh5 
10.g4 Bg6 11.Nh4 Nxe4 12.Nxg6 Nxc3 13.Qf3 Ne2+ 
14.Qxe2 hxg6 15.Qf3 Nd4 16.Qxf7+ Kd7 17.Qxg6 Nf3+ 
18.Kh1 Rxh3+ 19.Kg2 Nh4+ 0-1

[Event "HCL-B205"]
[Site "www.playchess.de"]
[Date "2001.03.24"]
[Round "8"]
[White "dakini"]
[Black "PieceSeeker"]
[WhiteElo "1146"]
[BlackElo "1328"]
[PlyCount "60"]
[Result "0-1"]

1.d4 d5 {Good luck!}  2.c4 {Good luck !}  e6 3.Nc3 
c5 4.Nf3 Nc6 5.Bf4 a6 6.e3 Nf6 7.Bd3 cxd4 8.exd4 
Qb6 9.c5 Qxb2 10.Na4 Qb4+ 11.Bd2 Qa3 12.Nb6 Qxd3 
13.Nxa8 Nxd4 14.Nxd4 Qxd4 15.Nc7+ Kd8 16.Ba5 Qe4+ 
17.Qe2 Qxe2+ 18.Kxe2 Kd7 19.Rac1 Kc6 20.Rc2 Bxc5 
21.Rhc1 Nd7 22.Bb6 Kxb6 23.Na8+ Kc6 24.a4 b6 
25.Nxb6 Kxb6 26.a5+ Kc6 27.f4 Bb7 28.g4 f5 29.Rb1 
fxg4 30.Rxc5+ Nxc5 {Maybe we'll play again on 
another tournament. Good Luck in the future!} 
 0-1

[Event "HCL-C205"]
[Site "www.playchess.de"]
[Date "2001.03.24"]
[Round "9"]
[White "janaj"]
[Black "xerxes2u"]
[WhiteElo "1000"]
[BlackElo "1379"]
[PlyCount "104"]
[Result "0-1"]

1.e4 {hi xerxes, best regards yours jana from 
Munic}  d6 2.d4 Nf6 {Hey, how are things there?}  
3.Bc4 {good morning xerxes, please what do you 
like to know? Where in USA do you live?}  Nxe4 {I 
live in Illinois}  4.Qf3 Nf6 5.Ne2 {hi xerxes, 
there are many people in USA, who play the chess?} 
 d5 {Hi. I don't know many. I have heard it is 
popular in the big cities}  6.Bb3 {and what about 
you? where have you learnt chess?}  g6 {My uncle 
gave me a chess set when I was 13. I have played 
off and on since then.}  7.c3 Bg7 8.Ng3 O-O 9.O-O 
b6 10.Bg5 {hi xerxes, I got your email, tomorrow 
you get the answer, ok?!}  Bb7 {Sounds great!}  
11.Nd2 Nbd7 12.h3 {hi xerxes, sorry I  lost your 
email, so I couldn't answer}  c5 
{billrn@udnet.net}  13.Rae1 {hi xerxes, sorry I 
couldn't come, my PC was defect!}  c4 14.Bc2 a5 
15.Qf4 b5 16.Nf3 {sorry, I promised to write, but 
I had sooo much work!}  b4 {Whenever you have 
time}  17.Ne5 b3 18.axb3 cxb3 19.Bxb3 a4 20.Bc2 a3 
21.bxa3 Rxa3 22.Nf5 gxf5 23.Re3 Nxe5 24.Qxf5 Ng6 
25.Rfe1 e6 26.Qf3 {hallo, xerxes, what time is it 
in Illinois? Here 1 hour to midnight!}  Qe7 {right 
now it is 7:20 AM}  27.h4 h6 28.Bf4 Nxh4 29.Qg3 
Ng6 30.Bd6 {-}  Qd7 {That Hurts!}  31.Bxa3 Rc8 
32.Bb4 Ne4 33.Qf3 e5 34.Rd1 exd4 35.cxd4 Rxc2 
36.Be1 Ng5 37.Qg3 Bf8 38.f4 Ne4 39.Qf3 Bc8 40.f5 
Qxf5 41.Qxf5 Bxf5 42.Kh2 Bd6+ 43.Kg1 Nf4 44.Kf1 
Rxg2 45.Rc1 Bh3 46.Bh4 Rc2+ 47.Kg1 {ohoh 
William!;-(((}  Rxc1+ 48.Be1 {William, its the 
longest game in this tournament! *smile*}  Bb4 {I 
am never finished quickly! *smile*}  49.Rxe4 dxe4 
50.Kf2 {William, it's not possible for me to reach 
the other place!}  Bxe1+ {Sorry to hear that.}  
51.Ke3 f5 52.Kxf4 Bh4 0-1

[Event "HCL-B206"]
[Site "www.playchess.de"]
[Date "2001.03.24"]
[Round "9"]
[White "dom"]
[Black "DrJon"]
[WhiteElo "1428"]
[BlackElo "1300"]
[PlyCount "30"]
[Result "0-1"]

1.e4 c6 {Have a good game, handshake}  2.d4 {You 
too}  d5 3.exd5 cxd5 4.Nf3 Nf6 5.c4 Nc6 6.Nc3 Bf5 
7.a3 e6 8.Bd3 Bxd3 9.Qxd3 dxc4 10.Qxc4 Rc8 11.O-O 
Qd7 12.Bg5 Be7 13.Rad1 O-O 14.d5 Nxd5 15.Nxd5 
exd5 0-1

[Event "ACL-E003"]
[Site "www.playchess.de"]
[Date "2001.03.24"]
[Round "17"]
[White "peze"]
[Black "Bill"]
[WhiteElo "1869"]
[BlackElo "1722"]
[PlyCount "105"]
[Result "1-0"]

1.d4 {Hello! Good luck!}  d5 {Good luck to you.}  
2.c4 e6 3.Nc3 Nf6 4.Nf3 Be7 5.Bf4 O-O 6.e3 c5 
7.dxc5 Bxc5 8.a3 Bd6 9.Bg5 dxc4 10.Bxf6 gxf6 
11.Nd2 Be5 12.Nxc4 Bxc3+ 13.bxc3 f5 14.Qf3 Nc6 
15.Rd1 Qf6 16.e4 e5 17.Ne3 f4 18.g3 Qg5 19.Nd5 Rd8 
20.h4 Qh6 21.gxf4 Kh8 22.fxe5 Nxe5 23.Qg3 Qg7 
24.Qxg7+ Kxg7 25.f4 Nc6 26.Rg1+ Kh8 27.Nc7 Rb8 
28.Rxd8+ Nxd8 29.Ne8 Be6 30.h5 Nc6 31.Nd6 b6 
32.Bb5 Ne7 33.f5 Nc8 34.Ne8 Bb3 35.c4 h6 36.e5 Ne7 
37.f6 Nf5 38.Rg4 Bd1 39.e6 Rb7 40.Re4 Bf3 41.Rf4 
fxe6 42.Rxf3 Kg8 43.Rd3 Rf7 44.Bd7 Kf8 {the jaws 
are tightening!!}  45.Bc6 Kg8 46.Rd8 Rf8 47.Be4 
Kf7 48.Bxf5 exf5 49.Nd6+ Kg8 50.Rxf8+ Kxf8 51.Kf2 
a6 52.Ke3 Kg8 {Just wanted to say you played a 
great game.  I'll resign on next move.}  53.Kf4 
{Thank you and thanks for the game. I hope to see 
you soon! Bye}  1-0

[Event "HCL-B211"]
[Site "www.playchess.de"]
[Date "2001.03.24"]
[Round "2"]
[White "Fringe"]
[Black "hun"]
[WhiteElo "1200"]
[BlackElo "1721"]
[PlyCount "39"]
[Result "1/2-1/2"]

1.e4 {Ciao From Italy}  c5 {Hallo! Schöne Grüße 
nach BELLA ITALIA!  :)   from Vienna}  2.Nf3 {have 
a nice game... Oh  Vienna !}  e6 {   ;)}  3.d4 
cxd4 4.c3 {surpise ?}  d3 { :)}  5.c4 Nf6 6.Nc3 
Bb4 7.Bxd3 d5 8.exd5 Bxc3+ 9.bxc3 exd5 10.O-O O-O 
11.Bg5 {are you palying with Integral and Juice?}  
dxc4 12.Bxc4 Qxd1 13.Raxd1 Nc6 14.Bxf6 {nice to 
see you again}  gxf6 15.Rd6 Be6 16.Bxe6 fxe6 
17.Rxe6 Rae8 { :)}  18.Rfe1 Rxe6 19.Rxe6 Kf7 
20.Rd6 {I offer draw}  1/2-1/2

[Event "HCL-B211"]
[Site "www.playchess.de"]
[Date "2001.03.24"]
[Round "9"]
[White "Torenvalk"]
[Black "Fringe"]
[WhiteElo "1646"]
[BlackElo "1200"]
[PlyCount "60"]
[Result "0-1"]

1.e4 {good luck}  e5 {have a nice game}  2.Nf3 Nc6 
3.Bb5 a6 {so ... ruy lopez !}  4.Ba4 Nf6 5.O-O Be7 
6.Re1 b5 7.Bb3 d6 8.c3 O-O 9.h3 Bb7 10.d4 Re8 
11.Nbd2 Bf8 {are you playing whith all the others? 
I do not recieve moves from Hun. Bye}  12.Bc2 
{Yes,i play with all the others,also with Hun.Bye 
Bye.}  g6 {All ok now, I am playing with all the 
opponents. Bye}  13.Nf1 {I am happy to read 
that.Bye bye.}  exd4 14.cxd4 Nb4 15.Ng3 {Good 
move.}  Nxc2 {Tnx :))}  16.Qxc2 c5 17.d5 Bg7 
18.Bg5 Qb6 19.Rad1 Nd7 {It is a fast and 
Interesting game}  20.Be3 a5 21.a3 Qa6 22.Nh2 Ne5 
23.b3 a4 24.bxa4 Qxa4 25.Qb1 Nc4 26.Bc1 Bc3 27.Re2 
Qxd1+ {???}  28.Nhf1 {Very bad move from me.}  
Nxa3 {I am very sorry. The game was interesting 
and both sides had chanches}  29.Qa2 {It`s all in 
the game.}  Qxc1 {:) You're right and very fair.}  
30.Qb3 c4 0-1

[Event "HCL-B222"]
[Site "www.playchess.de"]
[Date "2001.03.24"]
[Round "7"]
[White "player27"]
[Black "Iron_Flower"]
[WhiteElo "1406"]
[BlackElo "1401"]
[PlyCount "27"]
[Result "1-0"]

1.b4 {*handshake* good luck}  e5 {Thanks, same to 
you from Leeuwarden, the Netherlands}  2.Bb2 
{hello from Berlin, good luck!}  Bxb4 3.Bxe5 Nf6 
4.Nf3 O-O 5.c4 d6 6.Bb2 Nc6 7.e3 Bg4 8.Be2 Re8 
9.O-O Bxf3 10.Bxf3 Rb8 11.d4 a6 12.a3 Ba5 13.Nd2 
b5 14.Bxc6 1-0

[Event "HCL-E038"]
[Site "www.playchess.de"]
[Date "2001.03.24"]
[Round "4"]
[White "peze2"]
[Black "Merscheid"]
[WhiteElo "2318"]
[BlackElo "2213"]
[PlyCount "34"]
[Result "1/2-1/2"]

1.e4 {Hello and good luck. Let's have a nice 
game.}  e5 {Also hello, but it`s not a game, it is 
love and war!}  2.Nf3 Nc6 3.Bb5 a6 4.Ba4 Nf6 5.O-O 
Be7 6.Re1 b5 7.Bb3 d6 8.c3 O-O 9.h3 Bb7 10.d4 Re8 
11.Nbd2 Bf8 12.d5 Nb8 13.Nf1 Nbd7 14.Ng3 h6 15.Nf5 
Qc8 16.Nh2 c6 17.Ng4 cxd5 1/2-1/2

[Event "ACL-A122"]
[Site "www.playchess.de"]
[Date "2001.03.24"]
[Round "2"]
[White "IHTEM"]
[Black "Mother_Teresa"]
[WhiteElo "1500"]
[BlackElo "1497"]
[PlyCount "41"]
[Result "1-0"]

1.d4 d5 2.Bg5 f6 3.Bh4 Nc6 4.f3 Bf5 5.a3 e6 6.e3 
Bd6 7.Bd3 Nge7 8.c3 g5 9.Bg3 h5 10.Qc2 Bxd3 
11.Qxd3 Bxg3+ 12.hxg3 Qd7 13.Nd2 {good morning 
from Moscow}  O-O-O 14.O-O-O f5 15.Nh3 g4 16.Ng5 
Rdf8 17.f4 Ng8 18.Rh2 Nh6 19.Rxh5 Qe8 20.Rhh1 Nf7 
{So how is Moscow these days?}  21.Nh7 {Cool, -5 
C}  1-0

[Event "HCL-A103"]
[Site "www.playchess.de"]
[Date "2001.03.24"]
[Round "6"]
[White "ErMonnezza"]
[Black "jmcerna"]
[WhiteElo "1700"]
[BlackElo "1550"]
[PlyCount "27"]
[Result "1-0"]

1.d4 {!Hola!}  Nf6 {Hola Er.}  2.Nf3 d6 3.c4 Bf5 
4.Qb3 Qc8 5.Bf4 g6 6.Nc3 Bg7 7.e3 O-O 8.Be2 Nh5 
9.Bg5 h6 10.Nd5 Re8 11.Nxe7+ Rxe7 12.Bxe7 f6 
13.c5+ d5 14.Qxd5+ 1-0

[Event "HCL-A101"]
[Site "www.playchess.de"]
[Date "2001.03.24"]
[Round "16"]
[White "Eaglewingz"]
[Black "THE-WARRIOR"]
[WhiteElo "1428"]
[BlackElo "1314"]
[PlyCount "63"]
[Result "1-0"]

1.e4 {Hello...To a good game!}  e6 2.d4 d5 3.Nc3 
Bb4 4.e5 Ne7 5.a3 Bxc3+ 6.bxc3 c5 7.Nf3 Qa5 8.Bd2 
Nbc6 9.Be2 f6 10.exf6 gxf6 11.a4 c4 12.O-O Bd7 
13.Qb1 O-O-O 14.Qb5 Qc7 15.Qc5 b6 16.Qa3 Na5 
17.Qxe7 Rhf8 18.Qxh7 Rfh8 19.Qe7 Rde8 20.Qxf6 Ref8 
21.Qe5 Qc6 22.Rfe1 Kb7 23.Ng5 Rhg8 24.Bg4 Rg6 
25.Bxe6 Bxe6 26.Nxe6 Rfg8 27.Nf4 Ka6 28.Nxg6 Qxg6 
29.Qxd5 Rg7 30.Re6 Qxc2 31.Qb5+ Kb7 
32.Rae1 1-0

[Event "HCL-C232"]
[Site "www.playchess.de"]
[Date "2001.03.24"]
[Round "1"]
[White "Jeremy"]
[Black "suez"]
[WhiteElo "1000"]
[BlackElo "1401"]
[PlyCount "32"]
[Result "0-1"]

1.d4 {Hello.  Where are you from?}  Nf6 {Illinois. 
You?}  2.Nf3 {Illinois also!}  g6 {Cool!  Two Land 
of Lincoln dudes!}  3.Bg5 {I live in Mattoon, 
you?}  Bg7 {Bridgeport}  4.Nbd2 O-O {Small world, 
huh?}  5.e4 d5 6.Bxf6 exf6 {Hopefully we will be 
able to continue now!}  7.Bd3 {Yes!  This game is 
interesting so far!}  dxe4 {Yes it is!  I am 
enjoying it.}  8.Nxe4 f5 9.Nc3 Nc6 10.O-O {I think 
I should}  Nxd4 {You should what?  Castle?}  
11.Re1 {I don't think I should've put the bishop 
on d3.  What's up with Flyboy?  Is he still with 
us?}  Be6 {Yeah, it sort of lost you a little 
initiative, but you have plenty of time to gain it 
back.}  12.Ng5 {Sorry for the delay!}  Qxg5 {??  
Was this a slip??}  13.Re3 {Yes. Sorry about that, 
if we play again I will try to give you more of a 
challenge!}  f4 {Once you have finished a game you 
are eligible tp enter another tournament.  Maybe 
we can play later}  14.Re4 Bh3 15.Bf1 Rad8 {I do 
hope we can play again without misfortunes like 
has befallen you.}  16.Ne2 {Let's not kid 
ourselves...you would win!  My position was 
inferior before I gave up the knight!!!}  
Nf3+ 0-1

[Event "HCL-E041"]
[Site "www.playchess.de"]
[Date "2001.03.24"]
[Round "10"]
[White "NOHAU"]
[Black "DKCozy"]
[WhiteElo "2138"]
[BlackElo "1718"]
[PlyCount "43"]
[Result "1-0"]

1.e4 Nf6 2.e5 Nd5 3.d4 d6 4.Nf3 e6 5.c4 Nb6 6.Bg5 
Be7 7.Bxe7 Qxe7 8.Nc3 O-O 9.Bd3 f5 10.O-O N8d7 
11.exd6 cxd6 12.a4 Nf6 13.Re1 Bd7 14.a5 Nc8 
15.Bxf5 g6 16.Bh3 Nh5 17.Bxe6+ Bxe6 18.d5 Nf4 
19.dxe6 Qf6 20.Nd5 Qxb2 21.e7 Nxe7 
22.Rb1 1-0

[Event "ACL-A125"]
[Site "www.playchess.de"]
[Date "2001.03.24"]
[Round "3"]
[White "daniela"]
[Black "Yogibear"]
[WhiteElo "1454"]
[BlackElo "1813"]
[PlyCount "22"]
[Result "0-1"]

1.e4 {Hallo ... und schöne Grüße nach Berlin!}  
Nf6 {hey-wir kennen uns ja, ebenfalls schöne Grüße 
und eine gute Partie wünscht Jürgen}  2.e5 {Danke! 
Bist du daheim oder auf Arbeit?}  Nd5 {auf der 
Arbeit surfen,wäre schön! Nee zuhause, gruß 
Jürgen}  3.d4 {Gibt's aber, denke nur an "Vorlop"! 
Ich habe übrigens seit 14.11. noch einen Sohn, bin 
daher zu Haus}  d6 {du hast 2 Kinder , stimmts?}  
4.f4 {Stimmt ... und nun ist glaube mit f4 Schluss 
mit der Theorie, oder?}  dxe5 {nöö, die Theorie 
fängt eigentlich jetzt erst an!}  5.fxe5 {Aha - 
kannst mir ja mal sagen, wenn wir davon abkommen.} 
 c5 {Ist dir nicht eigentlich die Theorie ein 
Greuel?}  6.Bb5+ {Ja eben, deshalb kenne ich sie 
ja auch so wenig!}  Bd7 {Babybücher sind ja wohl 
auch interessanter als langweilige Schachbücher!}  
7.Bxd7+ {naja - jedenfalls macht es mehr Spaß, 
wenn sich unsere Kinder über ihre Bücher freuen.}  
Qxd7 8.dxc5 {Ich nehme dein Opfer jetzt mal an. 
Ein Schachgebot hast du ja nun nicht mehr.}  e6 
9.Qg4 Nc6 10.Nf3 O-O-O 11.Bg5 Ne3 0-1